000 00438nam a2200169 4500
001 123821
003 ES-MaACL
005 20230906192242.0
007 t|
008 070214s1970 ag r ||||1| spa d
100 1 _aQuiroga, Horacio.
_994770
245 1 3 _aEl más allá /
_cHoracio Quiroga.
250 _a3ª. ed.
260 _aBuenos Aires :
_bLosada,
_c1970.
300 _a135 p. ;
_c18 cm.
852 _aES-MaACL
_jC-56667
_bR.89425
999 _c123821
_d123821